000 00556cab a2200205 4500
001 WB2646-22
008 090401t1990 xxu||||| |||| 00| 0 eng d
035 _a(Sirsi) u28862
041 _aeng
245 _aWine bars prosper
260 _c1990
350 _a0
490 _aDaily Express
_v19/11/90 p28
520 _aAccording to Christie & Co wine bars continue to be successful sustaining only a 3% drop in prices .
650 _aLICENSED PREMISES
650 _aMARKET
690 _aLEISURE AND RECREATION
942 _n0
948 _c04/03/1997
999 _c19415
_d19415